MARC-Details
| 000 -LEADER |
| fixed length control field |
06108cam a2201273 i 4500 |
| 001 - CONTROL NUMBER |
| control field |
in00024498520 |
| 003 - CONTROL NUMBER IDENTIFIER |
| control field |
OSt |
| 005 - DATE AND TIME OF LATEST TRANSACTION |
| control field |
20260324170955.0 |
| 008 - FIXED-LENGTH DATA ELEMENTS--GENERAL INFORMATION |
| fixed length control field |
221023s2023 caua d 6 000 0aeng d |
| 010 ## - LIBRARY OF CONGRESS CONTROL NUMBER |
| LC control number |
2026218464 |
| 020 ## - INTERNATIONAL STANDARD BOOK NUMBER |
| International Standard Book Number |
1427873453 |
| Qualifying information |
(paperback) |
| 020 ## - INTERNATIONAL STANDARD BOOK NUMBER |
| International Standard Book Number |
9781427873453 |
| Qualifying information |
(paperback) |
| 035 ## - SYSTEM CONTROL NUMBER |
| System control number |
(OCoLC)1348478551 |
| 040 ## - CATALOGING SOURCE |
| Original cataloging agency |
YDX |
| Language of cataloging |
eng |
| Description conventions |
rda |
| Transcribing agency |
YDX |
| Modifying agency |
BDX |
| -- |
HQD |
| -- |
WIM |
| -- |
OCLCF |
| -- |
MDB |
| -- |
IAD |
| -- |
OCLCO |
| -- |
XMA |
| -- |
OCLCO |
| -- |
OCLCL |
| -- |
MNN |
| -- |
UPM |
| -- |
MHD |
| -- |
OCLCQ |
| -- |
OCLCO |
| -- |
HMS |
| -- |
OCLCO |
| -- |
IG# |
| -- |
OCLCA |
| -- |
UIU |
| -- |
OCLCO |
| -- |
MYG |
| -- |
ATVMO |
| -- |
OCLCL |
| -- |
DLC |
| 041 1# - LANGUAGE CODE |
| Language code of text/sound track or separate title |
eng |
| Language code of original |
jpn |
| 042 ## - AUTHENTICATION CODE |
| Authentication code |
lccopycat |
| 043 ## - GEOGRAPHIC AREA CODE |
| Geographic area code |
a-ja--- |
| 050 00 - LIBRARY OF CONGRESS CALL NUMBER |
| Classification number |
Comic Book 24150 |
| 060 #4 - NATIONAL LIBRARY OF MEDICINE CALL NUMBER |
| Classification number |
WM 17 |
| Item number |
A861a 2023 |
| 082 04 - DEWEY DECIMAL CLASSIFICATION NUMBER |
| Classification number |
306.768/092 |
| Edition number |
23 |
| 082 04 - DEWEY DECIMAL CLASSIFICATION NUMBER |
| Classification number |
741.5/092 |
| Edition number |
23 |
| 100 1# - MAIN ENTRY--PERSONAL NAME |
| Personal name |
Arai, Shō, |
| Dates associated with a name |
1971- |
| Relator term |
author, |
| -- |
artist. |
| Real World Object URI |
https://id.oclc.org/worldcat/entity/E39PBJtcH3XtgJTFDdxM6MMwYP |
| 240 10 - UNIFORM TITLE |
| Uniform title |
Sanjissai de seibetsu ga nai to hanmei shita ore ga arafifu ni natte wakatta koto. |
| Language of a work |
English |
| 245 10 - TITLE STATEMENT |
| Title |
At 30 I realized I had no gender : |
| Remainder of title |
life lessons from a 50-year-old after two decades of self-discovery / |
| Statement of responsibility, etc. |
a manga memoir by Shou Arai ; translator, Massiel Gutierrez ; retouching and lettering, Vibraant Publishing Studio. |
| 246 3# - VARYING FORM OF TITLE |
| Title proper/short title |
At thirty I realized I had no gender : |
| Remainder of title |
life lessons from a fifty-year-old after 2 decades of self-discovery |
| 264 #1 - PRODUCTION, PUBLICATION, DISTRIBUTION, MANUFACTURE, AND COPYRIGHT NOTICE |
| Place of production, publication, distribution, manufacture |
Marina Del Rey, CA : |
| Name of producer, publisher, distributor, manufacturer |
TokyoPop Inc., |
| Date of production, publication, distribution, manufacture, or copyright notice |
[2023] |
| 264 #4 - PRODUCTION, PUBLICATION, DISTRIBUTION, MANUFACTURE, AND COPYRIGHT NOTICE |
| Date of production, publication, distribution, manufacture, or copyright notice |
©2023 |
| 300 ## - PHYSICAL DESCRIPTION |
| Extent |
164 pages : |
| Other physical details |
chiefly illustrations (black & white) ; |
| Dimensions |
21 cm |
| 336 ## - CONTENT TYPE |
| Content type term |
text |
| Content type code |
txt |
| Source |
rdacontent |
| 336 ## - CONTENT TYPE |
| Content type term |
still image |
| Content type code |
sti |
| Source |
rdacontent |
| 337 ## - MEDIA TYPE |
| Media type term |
unmediated |
| Media type code |
n |
| Source |
rdamedia |
| 338 ## - CARRIER TYPE |
| Carrier type term |
volume |
| Carrier type code |
nc |
| Source |
rdacarrier |
| 380 ## - FORM OF WORK |
| Form of work |
Comic or graphic novel |
| 500 ## - GENERAL NOTE |
| General note |
To be read back to front, right to left. |
| 505 0# - FORMATTED CONTENTS NOTE |
| Formatted contents note |
Introduction: how does an intersex person nearing fifty live their life? -- On aging -- Special interview -- Living with a partner. |
| 520 ## - SUMMARY, ETC. |
| Summary, etc. |
"At age 30, Shou Arai came to a realization; he had no gender. Now he was faced with a question he'd never really considered: how to age in a society where everything is so strongly segregated between two genders? This autobiographical manga explores Japanese culture surrounding gender, transgender issues, and the day to day obstacles faced by gender minorities and members of the LGBTQIA+ community with a lighthearted, comedic attitude."--page [4] of cover. |
| 521 8# - TARGET AUDIENCE NOTE |
| Target audience note |
Teen, age 13+ |
| 546 ## - LANGUAGE NOTE |
| Language note |
In English, translated from the Japanese. |
| 600 10 - SUBJECT ADDED ENTRY--PERSONAL NAME |
| Personal name |
Arai, Shō, |
| Dates associated with a name |
1971- |
| Form subdivision |
Comic books, strips, etc. |
| 600 12 - SUBJECT ADDED ENTRY--PERSONAL NAME |
| Personal name |
Arai, Shō, |
| Dates associated with a name |
1971- |
| 650 #0 - SUBJECT ADDED ENTRY--TOPICAL TERM |
| Topical term or geographic name entry element |
Cartoonists |
| Geographic subdivision |
Japan |
| Form subdivision |
Biography |
| -- |
Comic books, strips, etc. |
| 650 #0 - SUBJECT ADDED ENTRY--TOPICAL TERM |
| Topical term or geographic name entry element |
Gender-nonconforming people |
| Geographic subdivision |
Japan |
| Form subdivision |
Biography |
| -- |
Comic books, strips, etc. |
| 650 #0 - SUBJECT ADDED ENTRY--TOPICAL TERM |
| Topical term or geographic name entry element |
Intersex people |
| Geographic subdivision |
Japan |
| Form subdivision |
Biography |
| -- |
Comic books, strips, etc. |
| 650 #0 - SUBJECT ADDED ENTRY--TOPICAL TERM |
| Topical term or geographic name entry element |
Transgender people |
| Geographic subdivision |
Japan |
| Form subdivision |
Biography |
| -- |
Comic books, strips, etc. |
| 650 #0 - SUBJECT ADDED ENTRY--TOPICAL TERM |
| Topical term or geographic name entry element |
Gender nonconformity |
| Form subdivision |
Comic books, strips, etc. |
| 650 #0 - SUBJECT ADDED ENTRY--TOPICAL TERM |
| Topical term or geographic name entry element |
Gender identity |
| General subdivision |
Social aspects |
| Geographic subdivision |
Japan |
| Form subdivision |
Comic books, strips, etc. |
| 650 #0 - SUBJECT ADDED ENTRY--TOPICAL TERM |
| Topical term or geographic name entry element |
Comic books, strips, etc. |
| Geographic subdivision |
Japan |
| Form subdivision |
Translations into English. |
| 650 #0 - SUBJECT ADDED ENTRY--TOPICAL TERM |
| Topical term or geographic name entry element |
Gender identity. |
| 650 12 - SUBJECT ADDED ENTRY--TOPICAL TERM |
| Topical term or geographic name entry element |
Gender Identity |
| 650 12 - SUBJECT ADDED ENTRY--TOPICAL TERM |
| Topical term or geographic name entry element |
Transgender Persons |
| 650 12 - SUBJECT ADDED ENTRY--TOPICAL TERM |
| Topical term or geographic name entry element |
Gender-Nonconforming Persons |
| 650 12 - SUBJECT ADDED ENTRY--TOPICAL TERM |
| Topical term or geographic name entry element |
Intersex Persons |
| 650 #4 - SUBJECT ADDED ENTRY--TOPICAL TERM |
| Topical term or geographic name entry element |
Manga - LGBTQ+. |
| 650 #6 - SUBJECT ADDED ENTRY--TOPICAL TERM |
| Topical term or geographic name entry element |
Transgenrisme |
| Form subdivision |
Bandes dessinées. |
| 650 #6 - SUBJECT ADDED ENTRY--TOPICAL TERM |
| Topical term or geographic name entry element |
Identité de genre |
| General subdivision |
Aspect social |
| Geographic subdivision |
Japon |
| Form subdivision |
Bandes dessinées. |
| 650 #6 - SUBJECT ADDED ENTRY--TOPICAL TERM |
| Topical term or geographic name entry element |
Intersexués |
| Geographic subdivision |
Japon |
| Form subdivision |
Biographies |
| -- |
Bandes dessinées. |
| 650 #6 - SUBJECT ADDED ENTRY--TOPICAL TERM |
| Topical term or geographic name entry element |
Transgenres |
| Geographic subdivision |
Japon |
| Form subdivision |
Biographies |
| -- |
Bandes dessinées. |
| 650 #6 - SUBJECT ADDED ENTRY--TOPICAL TERM |
| Topical term or geographic name entry element |
Identité de genre. |
| 650 #7 - SUBJECT ADDED ENTRY--TOPICAL TERM |
| Topical term or geographic name entry element |
Cartoonists |
| Source of heading or term |
fast |
| 650 #7 - SUBJECT ADDED ENTRY--TOPICAL TERM |
| Topical term or geographic name entry element |
Comic books, strips, etc. |
| Source of heading or term |
fast |
| 650 #7 - SUBJECT ADDED ENTRY--TOPICAL TERM |
| Topical term or geographic name entry element |
Gender identity |
| General subdivision |
Social aspects |
| Source of heading or term |
fast |
| 650 #7 - SUBJECT ADDED ENTRY--TOPICAL TERM |
| Topical term or geographic name entry element |
Gender-nonconforming people |
| Source of heading or term |
fast |
| 650 #7 - SUBJECT ADDED ENTRY--TOPICAL TERM |
| Topical term or geographic name entry element |
Gender nonconformity |
| Source of heading or term |
fast |
| 650 #7 - SUBJECT ADDED ENTRY--TOPICAL TERM |
| Topical term or geographic name entry element |
LGBTQ+ people |
| Source of heading or term |
homoit |
| Authority record control number or standard number |
https://homosaurus.org/v3/homoit0000915 |
| 650 #7 - SUBJECT ADDED ENTRY--TOPICAL TERM |
| Topical term or geographic name entry element |
Gender non-conforming identity |
| Source of heading or term |
homoit |
| Authority record control number or standard number |
https://homosaurus.org/v3/homoit0001922 |
| 650 #7 - SUBJECT ADDED ENTRY--TOPICAL TERM |
| Topical term or geographic name entry element |
Intersex people |
| Source of heading or term |
homoit |
| Authority record control number or standard number |
https://homosaurus.org/v3/homoit0000618 |
| 651 #2 - SUBJECT ADDED ENTRY--GEOGRAPHIC NAME |
| Geographic name |
Japan |
| 651 #7 - SUBJECT ADDED ENTRY--GEOGRAPHIC NAME |
| Geographic name |
Japan |
| Source of heading or term |
fast |
| Real World Object URI |
https://id.oclc.org/worldcat/entity/E39PBJkT7GyCmyjxytDfqk6Yfq |
| 655 #2 - INDEX TERM--GENRE/FORM |
| Genre/form data or focus term |
Graphic Novel |
| 655 #2 - INDEX TERM--GENRE/FORM |
| Genre/form data or focus term |
Autobiography |
| 655 #7 - INDEX TERM--GENRE/FORM |
| Genre/form data or focus term |
manga (comic books) |
| Source of term |
aat |
| 655 #7 - INDEX TERM--GENRE/FORM |
| Genre/form data or focus term |
graphic novels. |
| Source of term |
aat |
| 655 #7 - INDEX TERM--GENRE/FORM |
| Genre/form data or focus term |
Autobiographical comics |
| Source of term |
fast |
| 655 #7 - INDEX TERM--GENRE/FORM |
| Genre/form data or focus term |
Comics (Graphic works) |
| Source of term |
fast |
| 655 #7 - INDEX TERM--GENRE/FORM |
| Genre/form data or focus term |
Graphic novels |
| Source of term |
fast |
| 655 #7 - INDEX TERM--GENRE/FORM |
| Genre/form data or focus term |
Manga |
| Source of term |
fast |
| 655 #7 - INDEX TERM--GENRE/FORM |
| Genre/form data or focus term |
Nonfiction comics |
| Source of term |
fast |
| 655 #7 - INDEX TERM--GENRE/FORM |
| Genre/form data or focus term |
Translations |
| Source of term |
fast |
| 655 #7 - INDEX TERM--GENRE/FORM |
| Genre/form data or focus term |
LGBTQ+ comics |
| Source of term |
homoit |
| Authority record control number or standard number |
https://homosaurus.org/v3/homoit0000841 |
| 655 #7 - INDEX TERM--GENRE/FORM |
| Genre/form data or focus term |
LGBTQ+ manga |
| Source of term |
homoit |
| Authority record control number or standard number |
https://homosaurus.org/v3/homoit0000897 |
| 655 #7 - INDEX TERM--GENRE/FORM |
| Genre/form data or focus term |
Non-binary comics |
| Source of term |
homoit |
| Authority record control number or standard number |
https://homosaurus.org/v3/homoit0002575 |
| 655 #7 - INDEX TERM--GENRE/FORM |
| Genre/form data or focus term |
Intersex autobiographies |
| Source of term |
homoit |
| Authority record control number or standard number |
https://homosaurus.org/v3/homoit0002778 |
| 655 #7 - INDEX TERM--GENRE/FORM |
| Genre/form data or focus term |
Intersex comics |
| Source of term |
homoit |
| Authority record control number or standard number |
https://homosaurus.org/v3/homoit0002402 |
| 655 #7 - INDEX TERM--GENRE/FORM |
| Genre/form data or focus term |
Autobiographical comics. |
| Source of term |
lcgft |
| 655 #7 - INDEX TERM--GENRE/FORM |
| Genre/form data or focus term |
Nonfiction comics. |
| Source of term |
lcgft |
| 655 #7 - INDEX TERM--GENRE/FORM |
| Genre/form data or focus term |
Graphic novels. |
| Source of term |
lcgft |
| 655 #7 - INDEX TERM--GENRE/FORM |
| Genre/form data or focus term |
Comics (Graphic works) |
| Source of term |
lcgft |
| 655 #7 - INDEX TERM--GENRE/FORM |
| Genre/form data or focus term |
Manga. |
| Source of term |
lcgft |
| 655 #7 - INDEX TERM--GENRE/FORM |
| Genre/form data or focus term |
Queer comics. |
| Source of term |
lcgft |
| 655 #7 - INDEX TERM--GENRE/FORM |
| Genre/form data or focus term |
Transgender comics. |
| Source of term |
lcgft |
| 655 #7 - INDEX TERM--GENRE/FORM |
| Genre/form data or focus term |
Intersex comics. |
| Source of term |
lcgft |
| 655 #7 - INDEX TERM--GENRE/FORM |
| Genre/form data or focus term |
Genderqueer comics. |
| Source of term |
lcgft |
| 655 #7 - INDEX TERM--GENRE/FORM |
| Genre/form data or focus term |
Autobiographies. |
| Source of term |
lcgft |
| 655 #7 - INDEX TERM--GENRE/FORM |
| Genre/form data or focus term |
Bandes dessinées autobiographiques. |
| Source of term |
rvmgf |
| 655 #7 - INDEX TERM--GENRE/FORM |
| Genre/form data or focus term |
Bandes dessinées autres que de fiction. |
| Source of term |
rvmgf |
| 655 #7 - INDEX TERM--GENRE/FORM |
| Genre/form data or focus term |
Bandes dessinées. |
| Source of term |
rvmgf |
| 655 #7 - INDEX TERM--GENRE/FORM |
| Genre/form data or focus term |
Mangas. |
| Source of term |
rvmgf |
| 655 #7 - INDEX TERM--GENRE/FORM |
| Genre/form data or focus term |
Bandes dessinées queers. |
| Source of term |
rvmgf |
| 655 #7 - INDEX TERM--GENRE/FORM |
| Genre/form data or focus term |
Bandes dessinées de transgenres. |
| Source of term |
rvmgf |
| 655 #7 - INDEX TERM--GENRE/FORM |
| Genre/form data or focus term |
Bandes dessinées de personnes non binaires. |
| Source of term |
rvmgf |
| 655 #7 - INDEX TERM--GENRE/FORM |
| Genre/form data or focus term |
Romans graphiques. |
| Source of term |
rvmgf |
| 655 #7 - INDEX TERM--GENRE/FORM |
| Genre/form data or focus term |
Autobiographies. |
| Source of term |
rvmgf |
| 700 1# - ADDED ENTRY--PERSONAL NAME |
| Personal name |
Gutierrez, Massiel. |
| Relator term |
translator. |
| 710 2# - ADDED ENTRY--CORPORATE NAME |
| Corporate name or jurisdiction name as entry element |
Vibraant Publishing Studio, |
| Relator term |
artist, |
| -- |
letterer. |
| 830 #0 - SERIES ADDED ENTRY--UNIFORM TITLE |
| Uniform title |
LGBTIQA+ Collection. |
| 906 ## - LOCAL DATA ELEMENT F, LDF (RLIN) |
| a |
0 |
| b |
ibc |
| c |
copycat |
| d |
2 |
| e |
ncip |
| f |
20 |
| g |
y-gencatlg |
| 942 ## - ADDED ENTRY ELEMENTS (KOHA) |
| Source of classification or shelving scheme |
Dewey Decimal Classification |
| Koha item type |
Manga |
| Suppress in OPAC |
No |